Formación integral de competencias.Pensamiento complejo, currículo, didáctica y evaluación (Registro nro. 2344)
[ vista simple ]
| 000 -CABECERA | |
|---|---|
| campo de control de longitud fija | 00721aam a2200217 4500 |
| 005 - FECHA Y HORA DE ACTUALIZACIÓN | |
| campo de control | 20191127131713.0 |
| 008 - LONGITUD FIJA | |
| campo de control de longitud fija | 150527b xxu||||| |||| 00| 0 spa d |
| 041 ## - IDIOMA | |
| Código de idioma del texto/pista de sonido o título separado | |
| 082 ## - CLASIFICACIÓN DECIMAL DEWEY | |
| Número de clasificación | 375 T629f |
| 100 ## - AUTOR PERSONAL | |
| Nombre de persona | Tobón Tobón, Sergio |
| 245 ## - TÍTULO PROPIAMENTE DICHO | |
| Título | Formación integral de competencias.Pensamiento complejo, currículo, didáctica y evaluación |
| 260 ## - PIE DE IMPRENTA | |
| Lugar de publicación, distribución, etc. | Colombia |
| Nombre del editor, distribuidor, etc. | Ecoe |
| Fecha de publicación, distribución, etc. | 2010 |
| 300 ## - DESCRIPCIÓN FÍSICA | |
| Extensión | 328 páginas |
| 650 ## - Materia General | |
| Materia general | PLANIFICACIÓN CURRICULAR |
| 650 ## - Materia General | |
| Materia general | COMPETENCIAS EN LA EDUCACIÓN |
| 650 ## - Materia General | |
| Materia general | EVALUACIÓN DE LAS COMPETENCIAS |
| 650 ## - Materia General | |
| Materia general | MÉTODOS DE ENSEÑANZA |
| 650 ## - Materia General | |
| Materia general | PENSAMIENTO COMPLEJO |
| 650 ## - Materia General | |
| Materia general | HISTORIA DE LAS COMPETENCIAS |
| 942 ## - Punto de Acceso Adicional Koha | |
| Tipo de ítem Koha | Libro |
| Estado perdido | Estado dañado | No para préstamo | Biblioteca permanente | Biblioteca actual | Signatura completa | Código de barras | Precio efectivo a partir del | Tipo de ítem |
|---|---|---|---|---|---|---|---|---|
| Departamento de Biblioteca y Documentación Alfonso Chase Brenes | Departamento de Biblioteca y Documentación Alfonso Chase Brenes | 375 T629f | 15366 | 12/09/2016 | Libro | |||
| Departamento de Biblioteca y Documentación Alfonso Chase Brenes | Departamento de Biblioteca y Documentación Alfonso Chase Brenes | 375 T629f | 15367 | 12/09/2016 | Libro |